Ciudades del Reino Unido - ¡Muerte Súbita! - Estadísticas

Estadísticas generales
  • Esta prueba ha sido intentada 175 veces
  • La puntuación promedio es 12 de 24
Answers on the Grid
Answers color-coded by a green-red scale on the quiz's grid according to % correct below.
Aberdeen
Birmingham
Brisbane
Bristol
Cairns
Calgary
Cardiff
Chelmsford
Colchester
Cornualles
Coventry
Derby
Dublín
Edimburgo
Estocolmo
Fredericton
Georgetown
Glasgow
Invercargill
Leeds
Leicester
Lethbridge
Liverpool
Londres
Mánchester
Moncton
Norwich
Nottingham
Peterborough
Plymouth
Poughkeepsie
Puddingcastle
Salisbury
Sheffield
Southampton
Southwich
Swansea
Worcester
Yorkshire
 
Estadísticas de respuestas
Respuesta % Correcto
Birmingham
94%
Bristol
75%
Cardiff
73%
Londres
59%
Liverpool
58%
Aberdeen
57%
Mánchester
55%
Glasgow
54%
Leeds
54%
Derby
52%
Edimburgo
52%
Leicester
52%
Nottingham
52%
Coventry
48%
Norwich
47%
Sheffield
46%
Plymouth
45%
Southampton
43%
Colchester
41%
Swansea
35%
Peterborough
27%
Salisbury
25%
Chelmsford
22%
Worcester
18%
No se encontraron pruebas coincidentes
Distribución de puntuación
Porcentaje de gente con cada puntuación
Porcentaje por número respondido
Historial de tus puntuaciones
No has intentado esta prueba.